Statistics for Top 11 European Countries by Population Growth Rate

Click here to take the quiz!

General Stats

  • This quiz has been taken 151 times
    (63 since last reset)
  • The average score is 9 of 11

Answer Stats

% Annual GrowthCountry% Correct
0.94Ireland
91%
1.64Luxembourg
91%
0.57Belgium
88%
0.6Monaco
84%
0.72Liechtenstein
82%
0.93Iceland
81%
0.8Norway
79%
0.61San Marino
79%
0.67Malta
75%
0.65Switzerland
63%
0.57Kosovo
54%

Score Distribution

Percentile by Number Answered

Percent of People with Each Score

Your Score History

You have not taken this quiz since the last reset